Disney Princesses - Sudden Death - Statistics

General Stats
  • This quiz has been taken 762 times
    748 since last reset
  • The average score is 12 of 13
Answers on the Grid
Answers color-coded by a green-red scale on the quiz's grid according to % correct below.
Ariel
Aurora
Belle
Bubblegum
Buttercup
Cinderella
Daenerys Targaryen
Fiona
Jasmine
Juliet Capulet
Leia Organa
Merida
Mia Thermopolis
Moana
Mulan
Padmé Amidala
Peach
Pocahontas
Rapunzel
Raya
She-Ra
Snow White
Tiana
Wonder Woman
Xena
Zelda
 
Answer Stats
Answer % Correct
Ariel
98%
Cinderella
96%
Belle
95%
Aurora
94%
Jasmine
93%
Mulan
92%
Pocahontas
91%
Rapunzel
91%
Snow White
91%
Moana
89%
Tiana
86%
Merida
84%
Raya
69%
No matching quizzes found
Score Distribution
Percent of People with Each Score
Percentile by Number Answered
Your Score History
You have not taken this quiz since the last reset